| 000 | 00000nam 2200000zi 4500 |
| 001 | 9.953685 |
| 003 | CaOODSP |
| 005 | 20250812110959 |
| 006 | m o d f |
| 007 | cr cn||||||||| |
| 008 | 250729s20250805qucado o f000 0 fre d |
| 020 | |a9780660783116 |
| 040 | |aCaOODSP|bfre|erda|cCaOODSP |
| 043 | |an-cn-ab |
| 086 | 1 |aR64-623/2025F-PDF |
| 245 | 00|aCadre de rétablissement de Jasper / |cCentre de coordination du rétablissement de Jasper. |
| 264 | 1|a[Gatineau, Québec] : |bParcs Canada = Parks Canada, |c5 août 2025. |
| 300 | |a1 ressource en ligne (28 pages) : |billustrations, graphiques, photographies |
| 336 | |atexte|btxt|2rdacontent/fre |
| 337 | |ainformatique|bc|2rdamedia/fre |
| 338 | |aressource en ligne|bcr|2rdacarrier/fre |
| 500 | |aTitre de la couverture. |
| 500 | |aPublié aussi en anglais sous le titre : Jasper recovery framework. |
| 520 | |a« Le Cadre de rétablissement de Jasper a été élaboré par le Centre de coordination du rétablissement de Jasper (CCRJ) afin de faire le point sur les progrès réalisés à la suite des répercussions du Feu de forêt de Jasper 2024 et de cibler les priorités de rétablissement pour la Municipalité de Jasper et le parc national Jasper » -- Introduction, page 4. |
| 530 | |aÉgalement publié en version imprimée. |
| 650 | 6|aFeux de friches|zAlberta|zParc national de Jasper. |
| 650 | 6|aFeux de friches|zAlberta|zJasper. |
| 650 | 6|aGestion des situations d'urgence|xAspect de l'environnement|zAlberta|zParc national de Jasper. |
| 650 | 6|aGestion des situations d'urgence|xAspect de l'environnement|zAlberta|zJasper. |
| 651 | 6|aParc national de Jasper (Alb.)|xPlanification. |
| 710 | 2 |aParcs Canada, |eorganisme de publication. |
| 775 | 08|tJasper recovery framework / |w(CaOODSP)9.953683 |
| 776 | 0#|tCadre de rétablissement de Jasper.|w(CaOODSP)9.953686 |
| 856 | 40|qPDF|s6.37 Mo|uhttps://publications.gc.ca/collections/collection_2025/pc/R64-623-2025-fra.pdf |
| 856 | 4 |qHTML|sS.O.|uhttps://parcs.canada.ca/pn-np/ab/jasper/gestion-management/serviceimmobilier-realty/retablissement-recovery/cadre-framework |